Testing hardened concrete (Record no. 29926)

MARC details
000 -LEADER
fixed length control field 00282nam a2200109Ia 4500
082 ## - DEWEY DECIMAL CLASSIFICATION NUMBER
Classification number 691.3:620.1
Item number MAL
100 ## - MAIN ENTRY--AUTHOR NAME
Personal name Malhotra, V M
245 #0 - TITLE STATEMENT
Title Testing hardened concrete
260 ## - PUBLICATION, DISTRIBUTION, ETC. (IMPRINT)
Place of publication Iowa
Name of publisher Iowa State University
Year of publication 1976
942 ## - ADDED ENTRY ELEMENTS (KOHA)
Koha item type Books
Holdings
Withdrawn status Lost status Damaged status Not for loan Home library Current library Date acquired Full call number Accession Number Koha item type
        RRII Library RRII Library 16/12/2021 691.3:620.1 MAL 10506 Books